[Event "GER-chT Christmas U16 Lasker"]
[Site "Playchess.com INT"]
[Date "2020.12.28"]
[Round "3.1"]
[White "Dittenberger, Nico"]
[Black "Wiedenbruch, Paul"]
[Result "0-1"]
[WhiteElo "1419"]
[BlackElo "1894"]
[PlyCount "60"]
[EventDate "2020.12.28"]
[EventType "team-swiss (blitz)"]
[EventRounds "7"]
[EventCountry "GER"]
[SourceTitle "CBM 200 Extra"]
[Source "ChessBase"]
[SourceDate "2021.03.31"]
[SourceVersion "1"]
[SourceVersionDate "2021.03.31"]
[SourceQuality "1"]
[WhiteTeam "Landskrone"]
[BlackTeam "Duesseldorf"]
[WhiteTeamCountry "GER"]
[BlackTeamCountry "GER"]

1. e4 c5 2. Nf3 d6 3. d4 cxd4 4. Nxd4 Nf6 5. Nc3 Nc6 6. Nxc6 bxc6 7. Bg5 Qa5 8. Bxf6 gxf6 9. Qd2 h5 10. Nb1 Qe5 11. Nc3 Bh6 12. Qd3 f5 13. f3 Rb8 14. Rb1 Bg7 15. Nd1 Qa5+ 16. Qd2 Qxa2 17. Rc1 fxe4 18. fxe4 Bh6 19. Qc3 Rg8 20. Qxc6+ Bd7 21. Qc4 Qxc4 22. Bxc4 Bxc1 23. 0-0 Be6 24. Bxe6 fxe6 25. Nf2 Be3 26. Re1 Bb6 27. e5 Rf8 28. Re2 Rxf2 29. Rxf2 Bxf2+ 30. Kxf2 Rxb2 0-1

[Event "GER-chT U14"]
[Site "Magdeburg"]
[Date "2019.12.29"]
[Round "6.8"]
[White "Dittenberger, Nico"]
[Black "Walders, Marc"]
[Result "0-1"]
[WhiteElo "1362"]
[BlackElo "1819"]
[PlyCount "62"]
[EventDate "2019.12.27"]
[EventType "team-swiss"]
[EventRounds "7"]
[EventCountry "GER"]
[SourceTitle "CBM 194 Extra"]
[Source "ChessBase"]
[SourceDate "2020.03.31"]
[SourceVersion "1"]
[SourceVersionDate "2020.03.31"]
[SourceQuality "1"]
[WhiteTeam "Landskrone"]
[BlackTeam "Erlangen"]
[WhiteTeamCountry "GER"]
[BlackTeamCountry "GER"]

1. e4 e6 2. d4 d5 3. e5 c5 4. c3 Nc6 5. Nf3 Qb6 6. a3 cxd4 7. cxd4 f6 8. Be2 fxe5 9. dxe5 Nge7 10. Nc3 Ng6 11. Na4 Qc7 12. b4 Bd7 13. Bb5 Ngxe5 14. Bxc6 Bxc6 15. Nb2 Be7 16. 0-0 0-0 17. Nxe5 Qxe5 18. Re1 Qd6 19. Nd3 Rf5 20. Bf4 Rxf4 21. Nxf4 Qxf4 22. Rxe6 Bf6 23. Rc1 Be5 24. g3 Qf5 25. Rcxc6 bxc6 26. Rxc6 Rf8 27. Qxd5+ Kh8 28. Qd2 Qf3 29. Rc5 Bf6 30. Ra5 Rd8 31. Re5 Qd1+ 0-1

[Event "Bad Soden U14 op"]
[Site "Bad Soden"]
[Date "2019.10.06"]
[Round "9"]
[White "Dittenberger, Nico"]
[Black "Nedilko, Marko"]
[Result "0-1"]
[WhiteElo "1295"]
[BlackElo "1407"]
[PlyCount "128"]
[EventDate "2019.10.03"]
[EventType "swiss"]
[EventRounds "9"]
[EventCountry "GER"]
[SourceTitle "CBM 192 Extra"]
[Source "Chessbase"]
[SourceDate "2019.11.06"]
[SourceVersion "1"]
[SourceVersionDate "2019.11.06"]
[SourceQuality "1"]

1. e4 g6 2. Nc3 Bg7 3. Bc4 c5 4. Nf3 Nc6 5. 0-0 e5 6. b3 Nge7 7. Bb2 d6 8. h3 a6 9. a4 Na5 10. Qe2 Nxc4 11. Qxc4 Be6 12. Qd3 0-0 13. Nd5 f5 14. Nxe7+ Qxe7 15. c4 fxe4 16. Qxe4 Bf5 17. Qd5+ Be6 18. Qd3 e4 19. Qxe4 Bxb2 20. Rab1 Bg7 21. Ng5 Rf6 22. d3 Re8 23. Rfe1 h6 24. Nxe6 Rxe6 25. Qd5 Kh7 26. Rxe6 Qxe6 27. Qxb7 Qc8 28. Qb6 Be5 29. b4 Qb8 30. bxc5 Qxb6 31. cxb6 Rb8 32. b7 Kg7 33. Rb6 a5 34. Rb5 Kf6 35. g4 Ke6 36. Kg2 g5 37. Kf3 Kd7 38. Ke4 Ke6 39. f3 Bg3 40. d4 Bf2 41. d5+ Kf6 42. f4 Bc5 43. fxg5+ hxg5 44. Rb1 Bb4 45. Rh1 Rxb7 46. h4 gxh4 47. Rxh4 Kg5 48. Rh1 Re7+ 49. Kd3 Kxg4 50. Rg1+ Kf3 51. Rf1+ Kg2 52. Rf6 Rg7 53. Ke4 Rg4+ 54. Rf4 Rxf4+ 55. Kxf4 Kf2 56. Ke4 Ke2 57. Kd4 Kd2 58. c5 Bxc5+ 59. Kc4 Kc2 60. Kb5 Bb4 61. Kc4 Kb2 62. Kb5 Ka3 63. Kc4 Kxa4 64. Kd3 Kb3 0-1

[Event "GER-chT U12"]
[Site "Magdeburg"]
[Date "2017.12.30"]
[Round "7.4"]
[White "Lipinsky, Pierre"]
[Black "Dittenberger, Nico"]
[Result "1-0"]
[WhiteElo "1219"]
[BlackElo "1229"]
[PlyCount "57"]
[EventDate "2017.12.26"]
[EventType "team-swiss"]
[EventRounds "7"]
[EventCountry "GER"]
[SourceTitle "CBM 182 Extra"]
[Source "ChessBase"]
[SourceDate "2018.02.23"]
[SourceVersion "1"]
[SourceVersionDate "2018.02.23"]
[SourceQuality "1"]
[WhiteTeam "Muenchen Tarrasch"]
[BlackTeam "Landskrone"]
[WhiteTeamCountry "GER"]
[BlackTeamCountry "GER"]

1. e4 e5 2. Nf3 Nc6 3. d4 exd4 4. Nxd4 Qf6 5. Be3 Bc5 6. Nb5 Bd6 7. N1c3 Nge7 8. Bc4 0-0 9. 0-0 Qe5 10. f4 Qf6 11. e5 Nxe5 12. fxe5 Qxe5 13. Bf4 Qc5+ 14. Qd4 a6 15. Bxd6 cxd6 16. Qxc5 dxc5 17. Nd6 b5 18. Bxf7+ Kh8 19. Nd5 Nc6 20. Nb6 Rb8 21. Nbxc8 Rbxc8 22. Nxc8 Rxc8 23. Rae1 h6 24. Bg6 d6 25. Re8+ Rxe8 26. Bxe8 Ne5 27. Rd1 Nc4 28. b3 Ne3 29. Rxd6 1-0

[Event "GER-chT U10"]
[Site "Magdeburg"]
[Date "2015.12.27"]
[Round "2.3"]
[White "Gorodezki, Andrey"]
[Black "Dittenberger, Nico"]
[Result "1-0"]
[WhiteElo "1075"]
[BlackElo "961"]
[PlyCount "40"]
[EventDate "2015.12.27"]
[EventType "team-swiss"]
[EventRounds "7"]
[EventCountry "GER"]
[SourceTitle "EXT 2017"]
[Source "ChessBase"]
[SourceDate "2016.10.25"]
[SourceVersion "1"]
[SourceVersionDate "2016.10.25"]
[SourceQuality "1"]
[WhiteTeam "Berlin Schachpinguine II"]
[BlackTeam "Landskrone"]
[WhiteTeamCountry "GER"]
[BlackTeamCountry "GER"]

1. e4 e5 2. Nf3 Nc6 3. d4 Bd6 4. d5 Nce7 5. Nc3 Bb4 6. Nxe5 Bxc3+ 7. bxc3 d6 8. Bb5+ c6 9. Nxc6 bxc6 10. dxc6 Qb6 11. c4 Nxc6 12. 0-0 Nge7 13. Be3 Qa5 14. Bxc6+ Nxc6 15. Qd5 Rb8 16. Qxd6 Ba6 17. Qxc6+ Ke7 18. Rfd1 Rhc8 19. Qd6+ Ke8 20. Qd7+ Kf8 1-0